LDR 01277naa#a2200277#i#450# 001 RU\\bibl\122469 005 20260702011839.4 011 ## _a1681-1208 100 ## _a20260701b2026####ek#y0rusy0150####ca 101 0# _aENG 102 ## _aRU 200 1# _aCrustal Movements and Deformations in Relation to Seismicity in Continuation of the Preparation Period of the Kamchatka Megathrust Earthquake (2020–2025) _eЖурнальная статья 210 1# _aМосква _cГеофизический центр Российской Академии Наук _d2026 215 ## _a0 с. 606 ## _aНауки о Земле. 05.00.00 _2local 608 ## _aЖурнальная статья _2local 675 ## _aГеология. Геологические и геофизические науки. 55 _zENG 686 ## _aНауки о Земле. 26 _2bbk 686 ## _aНауки о Земле. Экология. 63 _2tbk 686 ## _aГЕОФИЗИКА. 37.00 _2grnti 686 ## _aГЕОЛОГИЯ. 38.00 _2grnti 700 #1 _aДокукин _gПетр Александрович 700 #1 _aКафтан _gВладимир Иванович 700 #1 _aТитков _gНиколай Николаевич 700 #1 _aЧебров _gДанила Викторович 856 4# _arjes.ru _u